[Projektový manažment]

Recenzia na vysokoškolskú učebnicu, ktorá výstižným spôsobom vysvetľuje súvislosti s riadením práce ľudí zúčastňujúcich sa na ľubovoľnom projekte v rôznych inštitúciách, resp. na rôznych úrovniach podniku.

Gespeichert in:
Bibliographische Detailangaben
1. Verfasser: Kita, Pavol
Format: Buchkapitel
Sprache:Slowakisch
Schlagworte:
Tags: Tag hinzufügen
Keine Tags, Fügen Sie das erste Tag hinzu!

MARC

LEADER 00000naa a2200000 4500
001 0181684
005 20240502073121.1
041 0 |a slo 
044 |a SK 
245 1 0 |a [Projektový manažment]  |c Pavol Kita 
520 |a Recenzia na vysokoškolskú učebnicu, ktorá výstižným spôsobom vysvetľuje súvislosti s riadením práce ľudí zúčastňujúcich sa na ľubovoľnom projekte v rôznych inštitúciách, resp. na rôznych úrovniach podniku. 
610 2 0 |a recenzie 
610 2 0 |a riadenie projektové 
610 2 0 |a riadenie ľudských zdrojov 
100 1 |a Kita, Pavol